书目信息 |
| 题名: |
城市边缘区土地利用规制
|
|
| 作者: | 刘江涛 , 杨开忠 , 冯长春 著 | |
| 分册: | ||
| 出版信息: | 北京 新华出版社 2005.05 |
|
| 页数: | 298页 | |
| 开本: | 20cm | |
| 丛书名: | 中国城市化与区域可持续发展研究 | |
| 单 册: | ||
| 中图分类: | F293.2 | |
| 科图分类: | ||
| 主题词: | 城市经济 , 市政经济 | |
| 电子资源: | ||
| ISBN: | 7-5011-7097-5 | |
| 000 | 00903nam0 2200265 450 | |
| 001 | 0633418749 | |
| 005 | 20060109092210.02 | |
| 010 | @a7-5011-7097-5@dCNY33.00 | |
| 100 | @a20060109d2005 km y0chiy0120 ea | |
| 101 | 0 | @achi |
| 102 | @aCN@b110000 | |
| 200 | 1 | @a城市边缘区土地利用规制@Acheng shi bian yuan qu tu di li yong gui zhi@e缘起·失灵·改进@f刘江涛,杨开忠,冯长春著@Fliu jiang tao,yang kai zhong,feng chang chun zhu |
| 210 | @a北京@c新华出版社@d2005.05 | |
| 215 | @a298页@d20cm | |
| 225 | 2 | @a中国城市化与区域可持续发展研究 |
| 410 | 0 | @12001 @a中国城市化与区域可持续发展研究 |
| 517 | 1 | @a缘起·失灵·改进@Ayuan qi·shi ling·gai jin |
| 606 | 0 | @a城市经济 |
| 606 | 0 | @a市政经济 |
| 690 | @aF293.2@v3 | |
| 701 | 0 | @a刘江涛@Aliu jiang tao@4著 |
| 701 | 0 | @a杨开忠@Ayang kai zhong@4著 |
| 701 | 0 | @a冯长春@Afeng chang chun@4著 |
| 801 | 0 | @aCN@bPFT@c20060109 |
| 905 | @a10447@dF293.2@eL630 | |
| 城市边缘区土地利用规制:缘起·失灵·改进/刘江涛,杨开忠,冯长春著.-北京:新华出版社,2005.05 |
| 298页;20cm.-(中国城市化与区域可持续发展研究) |
| ISBN 7-5011-7097-5:CNY33.00 |
| ● |
| 相关链接 |
|
|
|
正题名:城市边缘区土地利用规制
索取号:F293.2/L630
 
预约/预借
| 序号 | 登录号 | 条形码 | 馆藏地/架位号 | 状态 | 备注 |
| 1 | 442542 | 204425425 | 测绘与城市空间信息学院资料室/ [索取号:F293.2/L630] | 在馆 | |
| 2 | 442543 | 204425434 | 社科库409/409社科库 107排1列2层/ [索取号:F293.2/L630] | 在馆 | |
| 3 | 442544 | 204425443 | 社科库409/409社科库 107排1列2层/ [索取号:F293.2/L630] | 在馆 |